Statistics for FIFA 22 Future stars

Click here to take the quiz!

General Stats

  • This quiz has been taken 57 times
    (48 since last reset)
  • The average score is 29 of 43

Answer Stats

ClubPositionRatingAgeAnswer% Correct
Borussia DortmundCM9318Jude Bellingham
98%
JuventusST9222Dusan Vlahovic
96%
BarcelonaCM9319Pedri
85%
Sporting LisbonRWB8922Pedro Porro
85%
ArsenalCAM9121Emile Smith-Rowe
80%
LiverpoolCB8922Ibrahima Konate
78%
ChelseaCB/CDM8822Trevoh Chalobah
78%
MonacoCM9022Aurelien Tchouameni
76%
WolvesRW8722Francisco Trincao
76%
WatfordST8720Joao Pedro
76%
BarcelonaST/RW9221Ferran Torres
74%
Bayer LeverkusenCAM9218Florian Wirtz
74%
LeicesterST8823Patson Daka
74%
ValenciaLM8921Bryan Gil
72%
Crystal PalaceCM8922Conor Gallagher
72%
BenficaLW8722Darwin Nunez
72%
ArsenalRB/CB8623Takehiro Tomiyasu
72%
NapoliCDM/CAM8722Eljif Elmas
70%
Atletico MadridCAM8822Matheus Cunha
70%
SampdoriaLM8921Mikkel Damsgaard
70%
AjaxCM9219Ryan Gravenberch
70%
Eintracht FrankfurtCB8722Evan Ndicka
67%
WolfsburgCB9021Maxence Lacroix
67%
LilleCB8522Sven Botman
67%
PSVLM8622Cody Gakpo
65%
TottenhamLB/RB8822Japhet Tanganga
65%
Bayer LeverkusenRB/RM88/8621Jeremie Frimpong
65%
AC MilanLW/CAM9022Brahim Diaz
63%
MarseilleCB8820William Saliba
63%
SassuoloST8721Giacomo Raspadori
61%
BenficaCF8720Goncalo Ramos
61%
LyonCDM8721Maxence Caqueret
61%
RB LeipzigCDM8722Tyler Adams
61%
Sporting LisbonCM8823Matheus Nunes
59%
RangersCF8623Ianis Hagi
57%
SouthamptonCB8622Mohammed Salisu
57%
RomaCB8623Roger Ibanez
57%
Real BetisLB8622Juan Miranda
54%
OGC NiceST8821Amine Gouiri
52%
FiorentinaST8723Arthur Cabral
52%
TroyesRB8520Issa Kabore
48%
VillarrealRM8822Samuel Chukwueze
41%
Greuther FurthRW8720Jamie Leweling
28%

Score Distribution

Percentile by Number Answered

Percent of People with Each Score

Your Score History

You have not taken this quiz since the last reset